[Event "World Senior chT-65 2019"]
[Site "Rhodes"]
[Date "2019.04.23"]
[Round "8.2"]
[White "Seret, Jean-Luc"]
[Black "Balashov, Yuri S"]
[Result "0-1"]
[WhiteElo "2332"]
[BlackElo "2470"]
[Annotator "TA"]
[PlyCount "61"]
[EventDate "2019.04.16"]
[EventType "team-tourn"]
[EventCountry "GRE"]
[SourceTitle "playchess.com"]
[Source "ChessBase"]
[SourceQuality "1"]
[WhiteTeam "France"]
[BlackTeam "Russia"]
[WhiteTeamCountry "FRA"]
[BlackTeamCountry "RUS"]

{[%evp 18,61,35,0,-2,0,31,15,37,14,22,22,86,74,75,74,76,63,169,150,201,147,129,0,183,122,121,127,129,106,92,92,79,26,58,63,47,6,15,24,8,-272,-267,-261,-267,-894]} 1. b3 d5 2. Bb2 Nf6 3. e3 g6 4. c4 dxc4 5. Bxc4 Bg7 6. Nf3 O-O 7. O-O c5 8. d4 cxd4 9. Nxd4 a6 10. Nc3 b5 {D94: Grünfeld: 4 Nf3 Bg7 5 e3} 11. Be2 Ra7 $146 ({Predecessor:} 11... Bb7 12. Bf3 Qb6 13. Rc1 e5 14. Bxb7 Qxb7 15. Nc2 Nbd7 16. Nb4 Nb6 17. Qe2 e4 18. Rfd1 Rac8 19. h3 a5 20. Nc2 Nfd5 21. Nd4 Nxc3 22. Bxc3 b4 23. Bb2 Nd5 {½-½ (23) Cruzado Duenas,C (2576)-Noble,M (2513) ICCF email 2009}) 12. b4 Rd7 {...e5 is the strong threat.The position is equal.} 13. Qb3 Bb7 14. a4 bxa4 (14... Nd5 $11) 15. Nxa4 $16 Ne4 {White should prevent ...Nd2.} 16. Rfd1 $36 {[%mdl 2048] White has strong initiative.} Bd5 17. Qa3 a5 ({Black should try} 17... e5 $14) 18. b5 $1 $18 Be5 (18... e5 $16 {might work better.}) 19. Rac1 Bd6 {[#]} 20. Qd3 (20. Qa1 $1 $16) 20... e6 $2 (20... Bxh2+ $1 $11 {and Black stays safe.} 21. Kxh2 Nxf2) 21. Nf3 (21. f4 $18) 21... Bb7 $16 {With the idea ...Bxh2+.} 22. Qc4 Qe7 23. Nb6 Rc7 24. Qd4 {[%csl Gb2][%cal Rd4h8]} f6 25. Na4 (25. Qa4 $16) 25... Rxc1 26. Rxc1 Nd7 27. Bd3 Nec5 28. Nxc5 Nxc5 29. Bc2 $2 {[%mdl 8192] [#]} (29. Bc4 $1 $11) 29... Bxf3 $1 $19 30. gxf3 Be5 31. Ra1 $2 {Accuracy: White = 40%, Black = 49%.} (31. Qd2 Bxb2 32. Rb1) 0-1

[Event "World Senior chT-65 2019"]
[Site "Rhodes"]
[Date "2019.04.23"]
[Round "8.3"]
[White "Rashkovsky, Nukhim N"]
[Black "Sharif, Mehrshad"]
[Result "1/2-1/2"]
[WhiteElo "2488"]
[BlackElo "2331"]
[Annotator "RC"]
[PlyCount "43"]
[EventDate "2019.04.16"]
[EventType "team-tourn"]
[EventCountry "GRE"]
[SourceTitle "playchess.com"]
[Source "ChessBase"]
[SourceQuality "1"]
[WhiteTeam "Russia"]
[BlackTeam "France"]
[WhiteTeamCountry "RUS"]
[BlackTeamCountry "FRA"]
[TimeControl "40/5400+30:1800+30"]

1. d4 {[%emt 0:00:06]} d5 {[%emt 0:00:00]} 2. Nf3 {[%emt 0:00:12]} Nf6 {[%emt 0:00:03]} 3. c4 {[%emt 0:00:04]} e6 {[%emt 0:00:11]} 4. e3 {[%emt 0:00:05]} Nbd7 {[%emt 0:00:19]} 5. Nc3 {[%emt 0:00:26]} a6 {[%emt 0:00:16]} 6. a4 {[%emt 0:12:57]} b6 {[%emt 0:02:31]} 7. cxd5 {[%emt 0:09:43]} exd5 {[%emt 0:01:04]} 8. Ne5 {[%emt 0:00:31]} Bb7 {[%emt 0:00:59]} 9. f4 {[%emt 0:00:18]} Bb4 {[%emt 0:11:34]} 10. Bd3 {[%emt 0:01:33]} O-O {[%emt 0:03:13]} 11. O-O {[%emt 0:00:09]} c5 {[%emt 0:02:58]} 12. Bd2 {[%emt 0:06:20]} Qe7 {[%emt 0:05:39]} 13. Be1 {[%emt 0:02:10]} cxd4 {[%emt 0:11:23]} 14. exd4 {[%emt 0:00:06]} Ne4 {[%emt 0:00:47]} 15. Qb3 {[%emt 0:20:19]} Bxc3 {[%emt 0:02:18]} 16. bxc3 {[%emt 0:00:12]} Rac8 {[%emt 0:07:39]} 17. Rf3 {[%emt 0:03:48]} Nxe5 {[%emt 0:02:44]} 18. fxe5 {[%emt 0:00:50]} Rc6 {[%emt 0:16:34]} 19. Qxd5 {[%emt 0:01:54]} Rxc3 {[%emt 0:00:17]} 20. Qa2 {[%emt 0:00:06]} Rc7 {[%emt 0:06:58]} 21. Qe2 {[%emt 0:17:45]} Qd7 {[%emt 0:03:10]} 22. Qe3 {[%emt 0:00:04]} 1/2-1/2

[Event "World Senior chT-65 2019"]
[Site "Rhodes"]
[Date "2019.04.23"]
[Round "8.4"]
[White "Boudre, Jean-Pierre"]
[Black "Zhelnin, Vladimir V"]
[Result "1-0"]
[WhiteElo "2246"]
[BlackElo "2429"]
[Annotator "TA"]
[PlyCount "69"]
[EventDate "2019.04.16"]
[EventType "team-tourn"]
[EventCountry "GRE"]
[SourceTitle "playchess.com"]
[Source "ChessBase"]
[SourceQuality "1"]
[WhiteTeam "France"]
[BlackTeam "Russia"]
[WhiteTeamCountry "FRA"]
[BlackTeamCountry "RUS"]

{[%evp 10,69,16,6,6,5,14,14,18,0,0,8,0,1,16,0,38,37,51,0,0,0,0,0,18,23,31,18,20,23,30,0,0,0,0,4,143,138,625,62,50,26,587,595,668,614,558,245,210,96,94,86,88,92,354,363,450,450,5314,5306,29992,29993]} 1. e4 c5 2. Nf3 d6 3. Nc3 Nf6 4. e5 dxe5 5. Nxe5 e6 6. Bb5+ Nbd7 {B50: Sicilian: 2...d6, Miscellaneous} (6... Bd7 7. Nxd7 Nbxd7 8. O-O a6 9. Be2 Qc7 10. d4 Bd6 11. g3 cxd4 12. Qxd4 O-O 13. Ne4 Be5 14. Nxf6+ Bxf6 {1-0 (73) Vitiugov,N (2719)-Van Foreest,J (2614) St Petersburg 2018}) 7. d4 a6 8. Bxd7+ Nxd7 {The position is equal.} 9. Qh5 {[%csl Ge5][%cal Rh5f7]} g6 10. Qf3 {[%csl Ge5][%cal Rf3f7]} f5 11. Be3 Bg7 12. Qg3 cxd4 $146 (12... O-O {looks sharper.} 13. O-O-O Qa5 14. Nxd7 Bxd7 15. dxc5 Bxc3 16. bxc3 f4) ({Predecessor:} 12... O-O 13. O-O-O Qa5 14. Nxd7 Bxd7 {0-1 (23) Wittmann,W (2274)-Zelbel,P (2348) Graz 2010}) 13. Bxd4 Qc7 {[%cal Rd7e5]} 14. f4 (14. Nf3 $1 $14 Qxg3 15. hxg3 Bxd4 16. Nxd4) 14... Nxe5 $11 15. Bxe5 Bxe5 16. fxe5 Bd7 17. O-O-O O-O-O 18. Rd6 Qc5 19. Rhd1 {Strongly threatening Qd3.} Bc6 20. a3 Rxd6 21. exd6 Rd8 $1 22. b4 Qc4 (22... f4 $1 $11) 23. Qe5 $16 Bxg2 $2 {[%mdl 8192]} (23... Bd7 $16) 24. Rd2 $2 (24. Rd4 $18 Qf1+ 25. Kb2) 24... Bc6 $1 $14 25. Kb2 {[%mdl 1024] Threatens to win with Rd4. White has compensation.} Qh4 $2 {[%mdl 8192]} (25... Bd7 $1 $11) 26. Rd4 Qf2 27. a4 {[%cal Ba3a4,Ba4b5][%mdl 32]} Kb8 28. d7+ $40 {[%mdl 128] Black is in trouble.} (28. b5 $142 Bd7 29. bxa6) 28... Ka8 $18 29. Qf6 (29. Qg7 $18 {is more deadly.}) 29... Ka7 $16 {[#]} 30. b5 $1 {[%cal Rb5c6]} Rxd7 {[#]} 31. Rb4 $1 axb5 $2 {[%mdl 8192]} (31... Qxh2 $16 32. bxc6 bxc6) 32. axb5 $18 {Hoping for Qf8!} Qb6 33. Qe5 Rc7 (33... Qc7 $142 34. b6+ Qxb6 35. Rxb6 Kxb6 36. Qxe6 Kc5) 34. Qd6 {Threatening mate with Ra4+.} Ka8 35. Qd8+ {Accuracy: White = 43%, Black = 38%.} 1-0

[Event "World Senior chT-65 2019"]
[Site "Rhodes"]
[Date "2019.04.23"]
[Round "8.5"]
[White "Birnboim, Nathan"]
[Black "Knaak, Rainer"]
[Result "0-1"]
[WhiteElo "2365"]
[BlackElo "2482"]
[Annotator "TA"]
[PlyCount "40"]
[EventDate "2019.04.16"]
[EventType "team-tourn"]
[EventCountry "GRE"]
[SourceTitle "playchess.com"]
[Source "ChessBase"]
[SourceQuality "1"]
[WhiteTeam "Israel"]
[BlackTeam "Germany"]
[WhiteTeamCountry "ISR"]
[BlackTeamCountry "GER"]

{[%evp 9,72,27,39,0,0,-29,39,39,28,28,48,34,45,35,52,-12,-10,-32,-25,-24,-8,-3,0,0,0,-236,-239,-233,-241,-243,-241,-227,-179,-183,-172,-262,-260,-283,-225,-247,-252,-360,-370,-309,-309,-485,-502,-620,-635,-1043,-1007,-964,-829,-5414,-5414,-5277,-5029,-2108,-526,-524,-525,-820,-801,-29994,0]} 1. d4 d5 2. c4 e6 3. Nf3 a6 4. cxd5 exd5 5. Nc3 h6 6. e4 $146 {D31: Queen's Gambit Declined: Semi-Slav without ...Nf6 (+ Marshall Gambit and Noteboom) and Exchange Variation lines without ...Nf6} ({Predecessor:} 6. Bf4 Nf6 7. e3 Bd6 8. Bxd6 Qxd6 9. Qc2 O-O 10. Bd3 Re8 11. h3 Be6 12. O-O Nbd7 13. a4 {½-½ (40) Shankland,S (2725)-Carlsen,M (2835) Wijk aan Zee 2019}) 6... dxe4 $1 7. Ne5 Nc6 (7... Be6 $1 $11) 8. Qb3 $14 {[%csl Ge5][%cal Rb3f7] White is slightly better.} Nxe5 9. dxe5 {Hoping for Bc4.} b5 10. Be3 Be6 11. Qc2 Ne7 12. Nxe4 ({White should play} 12. Be2 $14) 12... Nf5 $1 $11 {[%cal Rf5e3]} 13. Bc5 Qd5 {And now ...Bxc5 would win.} 14. Bd3 Bxc5 15. Qxc5 Qxd3 16. Qc6+ Bd7 {[#]} 17. Qxa8+ $2 (17. Nf6+ $1 $11 {[%mdl 512] and White stays safe.} gxf6 18. Qxa8+ Ke7 19. Qxh8) 17... Ke7 $19 18. Nc5 Qc4 $1 $40 {[%mdl 128] White is in trouble.} 19. Qe4 {aiming for Qxc4.} (19. Qxh8 {gets mated.} Nd4 20. Qf8+ Kxf8 21. Nxd7+ Ke8 22. Kd2 Qc2+ 23. Ke3 Nf5+ 24. Kf4 g5+ 25. Kf3 Qd3+ 26. Kg4 Qe4+ 27. f4 Qxf4+ 28. Kh5 Qh4#) 19... Qxc5 20. O-O Qc4 {Played: Qc5-d4} 0-1

[Event "World Senior chT-65 2019"]
[Site "Rhodes"]
[Date "2019.04.23"]
[Round "8.6"]
[White "Vogt, Lothar"]
[Black "Berkovich, Mark A"]
[Result "1/2-1/2"]
[WhiteElo "2362"]
[BlackElo "2332"]
[Annotator "NA RC"]
[PlyCount "41"]
[EventDate "2019.04.16"]
[EventType "team-tourn"]
[EventCountry "GRE"]
[SourceTitle "playchess.com"]
[Source "ChessBase"]
[SourceQuality "1"]
[WhiteTeam "Germany"]
[BlackTeam "Israel"]
[WhiteTeamCountry "GER"]
[BlackTeamCountry "ISR"]
[TimeControl "40/5400+30:1800+30"]

1. e4 {[%emt 0:00:00]} c6 {[%emt 0:00:00]} 2. d4 {[%emt 0:00:00]} d5 {[%emt 0:00:00]} 3. Nd2 {[%emt 0:00:06]} dxe4 {[%emt 0:00:15]} 4. Nxe4 {[%emt 0:00:02]} Bf5 {[%emt 0:00:08]} 5. Ng3 {[%emt 0:00:13]} Bg6 {[%emt 0:00:05]} 6. h4 {[%emt 0:00:49]} h6 {[%emt 0:00:07]} 7. Nf3 {[%emt 0:00:04]} Nd7 {[%emt 0:00:30]} 8. h5 {[%emt 0:00:05]} Bh7 {[%emt 0:00:04]} 9. Bd3 {[%emt 0:00:06]} Bxd3 {[%emt 0:00:08]} 10. Qxd3 {[%emt 0:00:08]} e6 {[%emt 0:00:11]} 11. Bd2 {[%emt 0:00:24]} Ngf6 {[%emt 0:00:35]} 12. O-O-O {[%emt 0:00:16]} Be7 {[%emt 0:00:10]} 13. Ne4 {[%emt 0:00:15]} Nxe4 {[%emt 0:00:14]} 14. Qxe4 {[%emt 0:00:10]} Nf6 {[%emt 0:00:08]} 15. Qe2 {[%emt 0:00:12]} Qd5 {[%emt 0:00:10]} 16. c4 {[%emt 0:00:37]} Qe4 {[%emt 0:00:20]} 17. Qxe4 {[%emt 0:02:25]} Nxe4 {[%emt 0:00:07]} 18. Be3 {[%emt 0:00:22]} f5 {[%emt 0:00:17]} 19. Nd2 {[%emt 0:00:54]} Nxd2 {[%emt 0:00:30]} 20. Rxd2 {[%emt 0:05:30]} Kf7 {[%emt 0:01:37]} 21. Kc2 {[%emt 0:05:51]} 1/2-1/2

[Event "World Senior chT-65 2019"]
[Site "Rhodes"]
[Date "2019.04.23"]
[Round "8.7"]
[White "Maryasin, Boris"]
[Black "Kiefer, Gerhard"]
[Result "1-0"]
[WhiteElo "2297"]
[BlackElo "2279"]
[Annotator "NA RC"]
[PlyCount "49"]
[EventDate "2019.04.16"]
[EventType "team-tourn"]
[EventCountry "GRE"]
[SourceTitle "playchess.com"]
[Source "ChessBase"]
[SourceQuality "1"]
[WhiteTeam "Israel"]
[BlackTeam "Germany"]
[WhiteTeamCountry "ISR"]
[BlackTeamCountry "GER"]
[TimeControl "40/5400+30:1800+30"]

1. e4 {[%emt 0:00:00]} c5 {[%emt 0:00:08]} 2. Nc3 {[%emt 0:00:08]} Nc6 {[%emt 0:00:53]} 3. g3 {[%emt 0:00:17]} g6 {[%emt 0:00:11]} 4. Bg2 {[%emt 0:00:08]} Bg7 {[%emt 0:00:06]} 5. d3 {[%emt 0:00:07]} d6 {[%emt 0:00:13]} 6. Be3 {[%emt 0:00:19]} e6 {[%emt 0:00:17]} 7. Qd2 {[%emt 0:00:22]} Rb8 {[%emt 0:00:39]} 8. Nf3 {[%emt 0:00:57]} Nd4 {[%emt 0:00:07]} 9. Bxd4 {[%emt 0:00:38]} cxd4 {[%emt 0:00:07]} 10. Nb5 {[%emt 0:00:10]} e5 {[%emt 0:27:39]} 11. Qb4 {[%emt 0:06:24]} Bf8 {[%emt 0:00:17] B26: Closed Sicilian: 3 g3, lines with early Be3} 12. Nxa7 {[%emt 0:04:35]} Bd7 {[%emt 0:00:56]} 13. Nb5 {[%emt 0:02:14]} Qb6 {[%emt 0:03:17]} 14. a4 {[%emt 0:00:48]} d5 $146 {[%emt 0:16:19]} ({Predecessor:} 14... Ra8 15. O-O Nf6 16. c3 dxc3 17. bxc3 Be7 18. c4 O-O 19. Nxe5 {1-0 (33) Narciso Dublan,M (2467)-Blanco Acevedo,C (2345) Linares 2017}) 15. Qb3 {[%emt 0:06:31]} Qa5+ {[%emt 0:00:23]} 16. Ke2 {[%emt 0:02:48]} dxe4 {[%emt 0:00:41]} 17. Nxe5 {[%emt 0:02:30]} Be6 {[%emt 0:00:47]} 18. Nc4 {[%emt 0:00:23]} Qd8 {[%emt 0:04:25]} 19. Rhe1 {[%emt 0:04:45]} Nf6 {[%emt 0:01:28]} 20. Kf1 {[%emt 0:00:19]} e3 {[%emt 0:00:14]} 21. fxe3 {[%emt 0:02:49]} dxe3 {[%emt 0:01:20]} 22. Qc3 {[%emt 0:03:05]} Bh6 {[%emt 0:25:05]} 23. Qb4 {[%emt 0:04:42]} Ng4 {[%emt 0:03:52]} 24. Nbd6+ $18 {[%emt 0:01:48]} Kd7 {[%emt 0:00:25]} 25. Nb6+ {[%emt 0:01:05]} 1-0

[Event "World Senior chT-65 2019"]
[Site "Rhodes"]
[Date "2019.04.23"]
[Round "8.8"]
[White "Buchal, Stephan"]
[Black "Lederman, Leon"]
[Result "1/2-1/2"]
[WhiteElo "2283"]
[BlackElo "2281"]
[Annotator "ChessBase"]
[PlyCount "112"]
[EventDate "2019.04.16"]
[EventType "team-tourn"]
[EventCountry "GRE"]
[SourceTitle "playchess.com"]
[Source "ChessBase"]
[SourceQuality "1"]
[WhiteTeam "Germany"]
[BlackTeam "Israel"]
[WhiteTeamCountry "GER"]
[BlackTeamCountry "ISR"]
[TimeControl "40/5400+30:1800+30"]

1. c4 {[%emt 0:00:00]} c6 {[%emt 0:00:00]} 2. g3 {[%emt 0:00:00]} d5 {[%emt 0:00:00]} 3. Nf3 {[%emt 0:00:01]} Nf6 {[%emt 0:00:00]} 4. Bg2 {[%emt 0:00:10]} Bf5 {[%emt 0:01:17]} 5. O-O {[%emt 0:00:59]} e6 {[%emt 0:00:05]} 6. cxd5 {[%emt 0:00:50]} exd5 {[%emt 0:00:14]} 7. d3 {[%emt 0:00:40]} Be7 {[%emt 0:00:05]} 8. Nc3 {[%emt 0:01:58]} O-O {[%emt 0:00:15]} 9. Qb3 {[%emt 0:03:14]} Qb6 {[%emt 0:04:06]} 10. Qc2 {[%emt 0:00:22]} Nbd7 {[%emt 0:01:41]} 11. e4 {[%emt 0:01:40]} dxe4 {[%emt 0:02:29]} 12. dxe4 {[%emt 0:00:10]} Be6 {[%emt 0:00:03]} 13. Be3 {[%emt 0:13:39]} Qa5 {[%emt 0:03:41]} 14. h3 {[%emt 0:06:00]} Rfe8 {[%emt 0:19:06]} 15. b3 {[%emt 0:10:21]} Nf8 {[%emt 0:10:13]} 16. Rad1 {[%emt 0:14:10]} h6 {[%emt 0:02:09]} 17. Nd4 {[%emt 0:03:12]} Bd7 {[%emt 0:00:45]} 18. f4 {[%emt 0:04:19]} Bb4 {[%emt 0:01:19]} 19. Nde2 {[%emt 0:10:50]} Bf5 {[%emt 0:07:23]} 20. Bd4 {[%emt 0:03:45]} Bd7 {[%emt 0:03:12]} 21. e5 {[%emt 0:02:11]} N6h7 {[%emt 0:00:21]} 22. Ne4 {[%emt 0:01:49]} Bf5 {[%emt 0:03:08]} 23. g4 {[%emt 0:01:06]} Bxe4 {[%emt 0:00:11]} 24. Bxe4 {[%emt 0:00:10]} Rad8 {[%emt 0:00:29]} 25. Kg2 {[%emt 0:01:00]} Qa6 {[%emt 0:06:05]} 26. Bb2 {[%emt 0:03:50]} c5 {[%emt 0:02:20]} 27. Nc3 {[%emt 0:04:38]} Bxc3 {[%emt 0:07:09]} 28. Bxc3 {[%emt 0:00:14]} c4 {[%emt 0:01:13]} 29. b4 {[%emt 0:02:21]} b5 {[%emt 0:05:00]} 30. a4 {[%emt 0:01:39]} bxa4 {[%emt 0:02:09]} 31. Ra1 {[%emt 0:00:46]} a3 {[%emt 0:00:27]} 32. Qc1 {[%emt 0:01:20]} Nf6 {[%emt 0:02:57]} 33. Rxa3 {[%emt 0:02:42]} Qb6 {[%emt 0:00:06]} 34. Bf3 {[%emt 0:01:55]} Nd5 {[%emt 0:00:44]} 35. Be1 {[%emt 0:01:20]} Qd4 {[%emt 0:03:56]} 36. Bg3 {[%emt 0:01:32]} Ne6 {[%emt 0:03:15]} 37. f5 {[%emt 0:01:31]} Nef4+ {[%emt 0:00:08]} 38. Kh2 {[%emt 0:00:34]} Nd3 {[%emt 0:00:41]} 39. Qa1 {[%emt 0:00:57]} Ne3 {[%emt 0:05:44]} 40. Rb1 {[%emt 0:00:00]} Nxe5 {[%emt 0:00:00]} 41. Bxe5 {[%emt 0:06:32]} Qxe5+ {[%emt 0:03:16]} 42. Qxe5 {[%emt 0:00:59]} Rxe5 {[%emt 0:00:03]} 43. Kg3 {[%emt 0:04:27]} Re7 {[%emt 0:09:49]} 44. Kf4 {[%emt 0:07:52]} Rd4+ {[%emt 0:00:33]} 45. Kg3 {[%emt 0:00:18]} g5 {[%emt 0:03:37]} 46. fxg6 {[%emt 0:02:43]} fxg6 {[%emt 0:00:16]} 47. Rc1 {[%emt 0:05:36]} g5 {[%emt 0:06:05]} 48. Rca1 {[%emt 0:04:41]} Kf7 {[%emt 0:02:56]} 49. Rxa7 {[%emt 0:01:04]} c3 {[%emt 0:07:13]} 50. Rxe7+ {[%emt 0:02:16]} Kxe7 {[%emt 0:00:05]} 51. Kf2 {[%emt 0:00:34]} Nc4 {[%emt 0:03:46]} 52. Rc1 {[%emt 0:00:28]} Rd2+ {[%emt 0:01:18]} 53. Ke1 {[%emt 0:00:06]} Rd3 {[%emt 0:01:23]} 54. Be2 {[%emt 0:00:16]} Rd4 {[%emt 0:00:47]} 55. Rxc3 {[%emt 0:00:18]} Ne5 {[%emt 0:00:12]} 56. b5 {[%emt 0:00:21]} Rb4 {[%emt 0:00:28]} 1/2-1/2

[Event "World Senior chT-65 2019"]
[Site "Rhodes"]
[Date "2019.04.23"]
[Round "8.9"]
[White "Gudmundsson, Kristjan"]
[Black "Bellin, Robert"]
[Result "0-1"]
[WhiteElo "2268"]
[BlackElo "2315"]
[Annotator "NA"]
[PlyCount "70"]
[EventDate "2019.04.16"]
[EventType "team-tourn"]
[EventCountry "GRE"]
[SourceTitle "playchess.com"]
[Source "ChessBase"]
[SourceQuality "1"]
[WhiteTeam "Iceland"]
[BlackTeam "England"]
[WhiteTeamCountry "ISL"]
[BlackTeamCountry "ENG"]
[TimeControl "40/5400+30:1800+30"]

1. Nf3 {[%emt 0:00:15]} c5 {[%emt 0:02:32]} 2. e4 {[%emt 0:01:11]} Nc6 {[%emt 0:00:27]} 3. d4 {[%emt 0:00:06]} cxd4 {[%emt 0:00:05]} 4. Nxd4 {[%emt 0:00:03]} Nf6 {[%emt 0:00:08]} 5. Nc3 {[%emt 0:00:06]} d6 {[%emt 0:00:06]} 6. Bc4 {[%emt 0:00:20]} Qb6 {[%emt 0:00:18]} 7. Ndb5 {[%emt 0:01:51]} a6 {[%emt 0:00:12]} 8. Be3 {[%emt 0:01:08]} Qa5 {[%emt 0:00:08]} 9. Nd4 {[%emt 0:00:12]} Ne5 {[%emt 0:01:09]} 10. Bd3 {[%emt 0:09:15] B57: Classical Sicilian: Sozin with 6...Qb6} Nfg4 {[%emt 0:07:06]} 11. Qd2 {[%emt 0:09:01]} Nxe3 {[%emt 0:05:54]} 12. Qxe3 {[%emt 0:00:00]} e6 $146 {[%emt 0:00:16]} ({Predecessor:} 12... g6 13. Nb3 Qd8 14. Nd5 Bg7 15. Qb6 Qxb6 16. Nxb6 Rb8 17. Be2 Nd7 18. Nxc8 Bxb2 19. Nxd6+ exd6 {0-1 (25) Prie,E (2335)-Benjamin,J (2545) Paris 1989}) 13. Nb3 {[%emt 0:00:00]} Qc7 {[%emt 0:02:51]} 14. f4 {[%emt 0:00:00]} Nxd3+ {[%emt 0:02:43]} 15. cxd3 {[%emt 0:00:33]} Bd7 {[%emt 0:01:33]} 16. Rc1 {[%emt 0:02:44]} Qd8 {[%emt 0:03:36]} 17. O-O {[%emt 0:15:57]} Be7 {[%emt 0:00:25]} 18. d4 {[%emt 0:00:40]} O-O {[%emt 0:00:22]} 19. Rfd1 {[%emt 0:04:01]} Qb6 {[%emt 0:06:41]} 20. Rc2 {[%emt 0:17:07]} Rac8 {[%emt 0:03:06]} 21. Re2 {[%emt 0:09:17]} Rfe8 {[%emt 0:08:00]} 22. d5 {[%emt 0:03:18]} Qxe3+ {[%emt 0:05:53]} 23. Rxe3 {[%emt 0:00:03]} e5 {[%emt 0:00:07]} 24. g3 {[%emt 0:06:13]} b5 {[%emt 0:02:31]} 25. a3 {[%emt 0:01:11]} Bd8 {[%emt 0:00:58]} 26. Kg2 {[%emt 0:01:58]} Bb6 {[%emt 0:02:07]} 27. Red3 {[%emt 0:04:32]} f5 {[%emt 0:03:05]} 28. fxe5 {[%emt 0:02:14]} Rxe5 {[%emt 0:01:56]} 29. Nd2 {[%emt 0:01:41]} Rce8 {[%emt 0:03:10]} 30. Re1 {[%emt 0:03:25]} g5 {[%emt 0:07:47]} 31. h3 {[%emt 0:02:06]} h5 $19 {[%emt 0:01:30]} 32. Nf3 {[%emt 0:03:07]} Rxe4 {[%emt 0:01:00]} 33. Nxe4 {[%emt 0:00:53]} fxe4 {[%emt 0:01:07]} 34. Rdd1 {[%emt 0:00:57]} exf3+ {[%emt 0:00:19]} 35. Kxf3 {[%emt 0:00:01]} Rf8+ {[%emt 0:00:48]} 0-1

[Event "World Senior chT-65 2019"]
[Site "Rhodes"]
[Date "2019.04.23"]
[Round "8.10"]
[White "Povah, Nigel E"]
[Black "Viglundsson, Bjorgvin"]
[Result "1/2-1/2"]
[WhiteElo "2319"]
[BlackElo "2170"]
[Annotator "NA RC"]
[PlyCount "65"]
[EventDate "2019.04.16"]
[EventType "team-tourn"]
[EventCountry "GRE"]
[SourceTitle "playchess.com"]
[Source "ChessBase"]
[SourceQuality "1"]
[WhiteTeam "England"]
[BlackTeam "Iceland"]
[WhiteTeamCountry "ENG"]
[BlackTeamCountry "ISL"]
[TimeControl "40/5400+30:1800+30"]

1. d4 {[%emt 0:00:00]} d5 {[%emt 0:00:09]} 2. Bf4 {[%emt 0:00:00]} Nf6 {[%emt 0:00:12]} 3. e3 {[%emt 0:00:00]} e6 {[%emt 0:00:08]} 4. Nd2 {[%emt 0:00:05]} Bd6 {[%emt 0:00:12]} 5. Bg3 {[%emt 0:00:18]} b6 {[%emt 0:01:55]} 6. Ngf3 {[%emt 0:00:37]} Bb7 {[%emt 0:01:38]} 7. Bb5+ {[%emt 0:04:34]} c6 {[%emt 0:08:21]} 8. Bd3 {[%emt 0:05:11]} c5 {[%emt 0:06:30]} 9. c3 {[%emt 0:00:10]} O-O {[%emt 0:07:08]} 10. Ne5 {[%emt 0:10:50]} Nc6 {[%emt 0:02:37]} 11. f4 {[%emt 0:01:47] D02: 1 d4 d5 2 Nf3 sidelines, including 2...Nf6 3 g3 and 2...Nf6 3 Bf4} (11. O-O Qc7 12. f4 Ne7 13. Qb1 Qc8 14. Bh4 Nf5 15. Bxf5 exf5 16. Bxf6 gxf6 17. Nef3 Qe6 18. Re1 Ba6 19. Nh4 cxd4 20. exd4 {1-0 (28) Korobov,A (2692)-Dominguez Perez,L (2739) Doha 2016}) 11... Ne7 {[%emt 0:00:00]} 12. Qb1 {[%emt 0:00:57]} a5 {[%emt 0:00:00]} 13. Bh4 {[%emt 0:03:17]} Ng6 $146 {[%emt 0:00:00]} ({Predecessor:} 13... Ra7 14. O-O Ng6 15. Bxf6 gxf6 16. Nxg6 fxg6 17. Bxg6 Bc8 18. Bh5 e5 {1-0 (61) Pham,L (2338)-Atalik,E (2422) Baku 2016}) 14. Bxf6 {[%emt 0:01:49]} gxf6 {[%emt 0:00:00]} 15. Nxg6 {[%emt 0:09:17]} fxg6 {[%emt 0:00:05]} 16. O-O {[%emt 0:02:05]} f5 {[%emt 0:01:19]} 17. a4 {[%emt 0:11:50]} Ba6 {[%emt 0:03:16]} 18. Bxa6 {[%emt 0:01:33]} Rxa6 {[%emt 0:00:03]} 19. Qd3 {[%emt 0:01:34]} c4 {[%emt 0:02:00]} 20. Qc2 {[%emt 0:07:48]} Ra8 {[%emt 0:15:12]} 21. b3 {[%emt 0:00:23]} cxb3 {[%emt 0:00:15]} 22. Qxb3 {[%emt 0:00:10]} Rc8 {[%emt 0:00:15]} 23. Rfc1 {[%emt 0:01:17]} Rc6 {[%emt 0:02:15]} 24. Ra2 {[%emt 0:08:28]} Qc7 {[%emt 0:00:52]} 25. Rac2 {[%emt 0:00:59]} Rc8 {[%emt 0:00:50]} (25... g5 $5 {[%cal Rg5f4]} 26. g3 g4 $15) 26. Kf2 {[%emt 0:02:41]} h6 {[%emt 0:07:47]} 27. g3 {[%emt 0:01:55]} Kg7 {[%emt 0:00:14]} 28. Ke2 {[%emt 0:01:11]} Kf6 {[%emt 0:06:02]} 29. Kd3 {[%emt 0:01:21]} g5 {[%emt 0:01:02]} 30. c4 {[%emt 0:05:53]} Bb4 $11 {[%emt 0:03:49]} 31. Nf3 {[%emt 0:02:46]} Qb7 {[%emt 0:08:22]} 32. Ne5 {[%emt 0:10:53]} R6c7 {[%emt 0:00:00]} 33. Rf2 {[%emt 0:01:03] Kxe5 [%emt 00:05:11] Ke4+ [%emt 00:00:18]} 1/2-1/2

[Event "World Senior chT-65 2019"]
[Site "Rhodes"]
[Date "2019.04.23"]
[Round "8.11"]
[White "Halldorsson, Bragi"]
[Black "Stebbings, Anthony J"]
[Result "0-1"]
[WhiteElo "2112"]
[BlackElo "2281"]
[Annotator "TA"]
[PlyCount "26"]
[EventDate "2019.04.16"]
[EventType "team-tourn"]
[EventCountry "GRE"]
[SourceTitle "playchess.com"]
[Source "ChessBase"]
[SourceQuality "1"]
[WhiteTeam "Iceland"]
[BlackTeam "England"]
[WhiteTeamCountry "ISL"]
[BlackTeamCountry "ENG"]

{[%evp 11,98,-15,29,-20,-10,-35,-30,-44,-37,-39,-39,-29,-34,-32,-33,-169,-115,-115,-115,-144,-144,-145,-147,-147,-147,-152,-156,-170,-170,-181,-170,-181,-152,-316,-309,-307,-281,-312,-233,-244,-238,-216,-225,-219,-215,-268,-146,-144,-162,-156,-159,-154,-154,-189,-195,-237,-237,-237,-211,-237,-237,-231,-228,-219,-206,-595,-586,-837,-805,-666,-655,-2820,-2046,-1512,-1172,-1206,-1132,-1126,-789,-1917,-1478,-1908,-1867,-1824,-1630,-1527,-2519,-2040,-1984]} 1. d4 Nf6 2. c4 e6 3. Nc3 Bb4 4. f3 O-O 5. a3 Bxc3+ 6. bxc3 Ne8 7. e3 {E27: Nimzo-Indian: Sämisch: 5...0-0 6 f3} b6 8. Bd3 Ba6 9. a4 {Black has an edge.} Nc6 10. Ba3 d6 11. Nh3 Na5 12. Qe2 c5 13. d5 $146 {[#]} (13. O-O $15) ({Predecessor:} 13. O-O Rc8 14. d5 Nc7 {0-1 (50) Jedynak,R (2540)-Socko,B (2660) Ustron 2007}) 13... Qh4+ {Played: Ba6xc4} 0-1